000 00265nam a22001217a 4500
008 181218b xxu||||| |||| 00| 0 eng d
041 _aeng
080 _a038
100 _a21
101 _aFJA
245 _aThe Modern Dictionary
_cVizetelly,F.H
942 _2udc
_cBK
999 _c53476
_d53476